000 00475nam a2200181Ia 4500
003 LK-CoDNM
008 010623t1914 xxu||||| |||| 00| 1 sin d
040 _aLK-CoDNM
_dLK-CoDNM
_eLK-CoDNM
041 _asin
080 _a104 A 28
100 _aBuddhadatta Thero,ed by
245 _aවිනය විනිශ්චය
246 _aVinaya Vinischaya
260 _bThe Orienral
_aDehiwala
_c1914
300 _b145p, 21 cm
700 _aSumana Thissa Thero
942 _cBK
999 _c88259
_d88259